00288nam a2200133Ia 4500003000900000008004100009040001300050040001300063100002200076245001900098260002300117300000800140490000600148IT-RoPAU120407s9999 xx 000 0 und d aIT-RoPAU cIT-RoPAU aGianfranco Ravasi aI Comandamenti aSan Paolo Edizioni c cm v1